|
|
|
|
| LEADER |
00000nab a2200000 a 4500 |
| 001 |
vtls000842009 |
| 003 |
SK-MaSNL |
| 005 |
20260304105140.0 |
| 008 |
250429c2003 xo 0 slo |
| 015 |
|
|
|a SNBRB2003/08-21025
|
| 035 |
|
|
|a CLN000193664
|
| 035 |
|
|
|a urn:nbn:sk:snk-ab772g
|
| 035 |
|
|
|a (uuid)666fe290-5735-48e8-a66d-afd01f7cf482
|
| 035 |
|
|
|a (urnnbn)urn:nbn:sk:snk:ar-a072o4
|
| 035 |
|
|
|a (sysno)vtls000842009
|
| 040 |
|
|
|a SNKBUCL
|b slo
|c SNKBUCL
|e AACR2
|
| 041 |
0 |
|
|a slo
|
| 044 |
|
|
|a xo
|c SK
|
| 080 |
|
|
|a 371
|2 1997
|
| 080 |
|
|
|a 37.01
|2 1997
|
| 100 |
1 |
|
|a Beňo, Matej,
|d 1942-2023
|4 aut
|9 230960
|
| 245 |
1 |
0 |
|a Skúsenosti učiteľov z reformy verejnej správy
|b výsledky z prieskumu
|c Matej Beňo
|
| 300 |
|
|
|b Tab.
|
| 504 |
|
|
|a Bibliogr. odkazy
|
| 650 |
0 |
7 |
|a školstvo
|x správa verejná
|2 snkbucl
|9 838831
|
| 650 |
0 |
7 |
|a správa verejná
|x školstvo
|2 snkbucl
|9 838832
|
| 655 |
|
7 |
|a články z novín a časopisov
|2 snkbucl
|9 267496
|
| 773 |
0 |
|
|t Pedagogické spektrum
|g Roč. 12, č. 3/4 (2003), s. 33-45
|x 1335-5589
|
| 850 |
|
|
|a Slovenská národná knižnica
|
| 852 |
|
|
|a Slovenská národná knižnica
|
| 954 |
|
|
|a odborná, vedecká literatúra pôvodná (slovenská)
|2 lita
|
| 958 |
|
|
|a article27
|
| 958 |
|
|
|a NB
|
| 958 |
|
|
|a OND
|
| 958 |
|
|
|a EUIPO
|
| 999 |
|
|
|c 2854449
|d 2856379
|